| 000 | 00416nam a2200157Ia 4500 | ||
|---|---|---|---|
| 005 | 20250620012534.0 | ||
| 008 | 240331s9999 xx 000 0 und d | ||
| 020 | _a9559513613 | ||
| 082 |
_bDEC _a323 |
||
| 100 | _aDe Costa, J | ||
| 245 | 0 | _aManava himikam pilibanda handinveemak | |
| 260 |
_aColombo _bJayatissa De Costa _c1990 |
||
| 300 | _a56 p ., | ||
| 500 | _aA book An Introduction to Human Rights | ||
| 942 | _cL | ||
| 999 |
_c2469 _d2469 |
||